000 00673nam a22002297a 4500
003 UA-OsUOA
001 80160
007 ta
008 20111130b un ||||| |||| 00| 0 ukr d
100 _aКняжков В.А.
700 _aМитюков М.А.
090 _a34
_bК54
942 _cSA
040 _aUA-OsUOA
_brus
_cUA-OsUOA
_dUA-OsUOA
245 _aКонституционный Суд Российской Федерации: развитие конституционно-правового статуса
300 _aС.12-29
955 _a0
041 _arus
080 _a34
773 0 _w80157
650 7 _a34 Право. Юриспруденція
_2UDC
999 _c366478
_d366478